000 00475nam a2200169Ia 4500
999 _c80197
_d80197
001 69693
005 20220131125401.0
008 151205s9999||||xx |||||||||||||| ||und||
020 _aNA
040 _cPK-LaUMT
082 _a348.5491
_bPAK-
100 _aQayyum, Malik Muhammad
245 _aPakistan supreme court cases [PSC, 1984]
_cQayyum, Malik Muhammad
260 _aLahore,Pakistan:
_bPakistan Study Center Punjab University,
_c1984
300 _a1504 p.
942 _cLPJ